চাষাবাদের মুল কথা / (Record no. 1002)

MARC details
000 -LEADER
fixed length control field 00704nam a22001937a 4500
001 - CONTROL NUMBER
control field BD-DhSAU 1002
003 - CONTROL NUMBER IDENTIFIER
control field BD-DhSAU
005 - DATE AND TIME OF LATEST TRANSACTION
control field 20150110213004.0
008 - FIXED-LENGTH DATA ELEMENTS--GENERAL INFORMATION
fixed length control field 150110s2008 bg |||| ||| 000 0 eng d
040 ## - CATALOGING SOURCE
Original cataloging agency BD-DhSAU
082 ## - DEWEY DECIMAL CLASSIFICATION NUMBER
Edition number 22
Classification number ৬৩০.১
Item number গিয়াচা
100 ## - MAIN ENTRY--PERSONAL NAME
Personal name গিয়াসুদ্দিন, আহমদ
245 ## - TITLE STATEMENT
Title চাষাবাদের মুল কথা /
Statement of responsibility, etc. গিয়াসুদ্দিন আহমদ
250 ## - EDITION STATEMENT
Edition statement ২য় সংস্করন
260 ## - PUBLICATION, DISTRIBUTION, ETC. (IMPRINT)
Place of publication, distribution, etc. ঢাকা :
Name of publisher, distributor, etc. কলেজ গেট প্রিন্টিং ;
Date of publication, distribution, etc. ২০০৮.
300 ## - PHYSICAL DESCRIPTION
Extent ১৮২ পৃ ;
Size of unit ২১ সেমি.
590 ## - Name of Cataloguer
Name of Cataloger mukta
650 ## - SUBJECT ADDED ENTRY--TOPICAL TERM
Topical term or geographic name as entry element Agriculture
942 ## - ADDED ENTRY ELEMENTS (KOHA)
Source of classification or shelving scheme Dewey Decimal Classification
Koha item type Book
Holdings
Withdrawn status Lost status Source of classification or shelving scheme Damaged status Not for loan Home library Branch Name Shelving location Date acquired Total Checkouts Full call number Barcode Date last seen Price effective from Koha item type
    Dewey Decimal Classification     SAU Library SAU Library General Stacks 15/08/2009   ৬৩০.১ গিয়াচা 38613(d) 10/01/2015 10/01/2015 Book